| 000 | 00875nam a2200229 i 4500 | ||
|---|---|---|---|
| 001 | 65034 | ||
| 003 | ES-MaACL | ||
| 005 | 20250728051241.0 | ||
| 007 | t| | ||
| 008 | 040108q1930 sp |||| | spa d | ||
| 100 | 1 |
_aFrank, Waldo. _952316 |
|
| 245 | 1 | 0 |
_aPrimer mensaje a la América Hispana / _cWaldo Frank. |
| 260 |
_aMadrid : _bRevista de Occidente, _c[ca. 1930] ( _fTall. Espasa-Calpe) |
||
| 300 |
_a289 p. ; _c23 cm. |
||
| 594 | _aRecoge las conferencias que el autor dictó en 1929, en varias ciudades de América Latina. | ||
| 651 | 4 |
_aAmérica Latina- _xCivilización- _yS.XX. _97744 |
|
| 651 | 4 |
_aAmérica Latina- _xDescripción _97745 |
|
| 651 | 4 |
_aAmérica Latina- _xSituación social _97766 |
|
| 852 |
_aES-MaACL _jB-3481 |
||
| 852 |
_aES-MaACL _jL-32195 _z- Donat. herederos de la bibl. de Mª del Pilar Costa Palacín |
||
| 999 |
_c65034 _d65034 |
||